The ''three roots'' of Panama''s cultural heritage: The construction of racial and national identities in them parks /
محفوظ في:
| المؤلف الرئيسي: | |
|---|---|
| التنسيق: | نص |
| الوسوم: |
إضافة وسم
لا توجد وسوم, كن أول من يضع وسما على هذه التسجيلة!
|
MARC
| LEADER | 00000 a a2200000 04500 | ||
|---|---|---|---|
| 001 | 41571 | ||
| 003 | |||
| 040 | |||
| 100 | |a Guerrón Montero, Carla | ||
| 245 | |a The ''three roots'' of Panama''s cultural heritage: |b The construction of racial and national identities in them parks / |c Carla Guerrón Montero | ||
| 773 | |g número96 (2009), páginas 45-68 | ||
| 999 | |c 40093 |d 40093 | ||
